| 000 | 00515nam a2200169Ia 4500 | ||
|---|---|---|---|
| 003 | OSt | ||
| 005 | 20230608152729.0 | ||
| 008 | 210423s2004 xx 000 0 und d | ||
| 040 | _cAL | ||
| 082 |
_a658.3 KRIP _223 |
||
| 100 |
_aKRISHNA (G R);AQUINAS (P G). _9122768 |
||
| 245 | _aPersonnel or human resource management: principles and practices. | ||
| 260 |
_aNew Delhi _bAuthor Press _c2004 |
||
| 365 | _cINR | ||
| 906 | _ahuman ; management: ; Personnel ; practices. ; principles ; resource | ||
| 942 |
_2ddc _cBK |
||
| 999 |
_c174048 _d174048 |
||